| 000 | 00726nam a22001937a 4500 | ||
|---|---|---|---|
| 003 | 0 | ||
| 005 | 20240123101258.0 | ||
| 008 | 240123b xxu||||| |||| 00| 0 eng d | ||
| 020 | _a978-1-350-21058-5 | ||
| 050 |
_aLB 1631 _b.Sm63 2021 |
||
| 100 | _aSmagorinsky, Peter | ||
| 245 |
_aLearning to teach english and the language arts : a vygotskian perspective on beginning teachers' pedadogical concept development _c Peter Smagorinsky |
||
| 260 |
_aLondon _bBloomsbury Academic _cc2021. |
||
| 300 |
_axv, 245 pages ; _c24 cm. |
||
| 504 | _aIncludes bibliographical references, glossary, and index. | ||
| 650 | _aEnglish language--study & teaching. | ||
| 650 | _aEnglish literature--study & teaching. | ||
| 942 |
_2lcc _cBK |
||
| 999 |
_c365879 _d365879 |
||